[Event "ARG-ch sf 92nd"]
[Site "Buenos Aires"]
[Date "2017.07.11"]
[Round "2"]
[White "Maggiori, Luciano"]
[Black "Vergara, Ramon Antonio"]
[Result "0-1"]
[WhiteElo "2078"]
[BlackElo "1892"]
[PlyCount "76"]
[EventDate "2017.07.10"]
[EventType "swiss"]
[EventRounds "9"]
[EventCountry "ARG"]
[SourceTitle "EXT 2018"]
[Source "ChessBase"]
[SourceDate "2017.10.13"]
[SourceVersion "1"]
[SourceVersionDate "2017.10.13"]
[SourceQuality "1"]

1. e4 c6 2. d4 d5 3. Nd2 dxe4 4. Nxe4 Nd7 5. Nf3 Ngf6 6. Neg5 e6 7. Bd3 c5 8. 0-0 Be7 9. Qe2 0-0 10. c3 b6 11. Rd1 Bb7 12. Ne4 Qc7 13. Bg5 Rae8 14. Nxf6+ Bxf6 15. Bxf6 Nxf6 16. dxc5 Qxc5 17. Ne5 Rd8 18. Bc2 Rd5 19. Rxd5 Qxd5 20. Nf3 Qh5 21. Nd4 Qg5 22. Nf3 Qh5 23. Rd1 g6 24. Rd4 Kg7 25. Bd1 Rc8 26. Qd2 Qb5 27. c4 Qc5 28. b3 e5 29. Rd8 Rxd8 30. Qxd8 Ne4 31. Qh4 f6 32. Bc2 g5 33. Bxe4 gxh4 34. Bxb7 Qa3 35. h3 Qxa2 36. Nxh4 Qxb3 37. Bd5 a5 38. Nf5+ Kf8 0-1

[Event "Rosario Bandera Memorial"]
[Site "Rosario"]
[Date "2017.06.20"]
[Round "7"]
[White "Maggiori, Luciano"]
[Black "Rojas, Alejo"]
[Result "1-0"]
[WhiteElo "2084"]
[BlackElo "1458"]
[PlyCount "101"]
[EventDate "2017.06.17"]
[EventType "swiss"]
[EventRounds "7"]
[EventCountry "ARG"]
[SourceTitle "EXT 2018"]
[Source "ChessBase"]
[SourceDate "2017.10.13"]
[SourceVersion "1"]
[SourceVersionDate "2017.10.13"]
[SourceQuality "1"]

1. e4 d5 2. exd5 Qxd5 3. Nc3 Qd6 4. d4 Nf6 5. Nf3 a6 6. Ne5 c5 7. Be3 cxd4 8. Qxd4 Qxd4 9. Bxd4 e6 10. 0-0-0 Be7 11. Na4 Nbd7 12. Be2 0-0 13. Bf3 Rd8 14. Nxd7 Nxd7 15. Nb6 Nxb6 16. Bxb6 Rxd1+ 17. Rxd1 a5 18. Bd8 Bf8 19. Bc7 Be7 20. Be2 f6 21. Bc4 Kf7 22. Bb6 Ke8 23. Re1 Kf7 24. f4 f5 25. Rd1 h6 26. a4 g5 27. g3 g4 28. c3 h5 29. Kc2 h4 30. b3 h3 31. Bb5 Bf6 32. Bc7 Be7 33. Be5 Bc5 34. Rd8 Bg1 35. Rd2 b6 36. Bd4 Bxd4 37. Rxd4 Ke7 38. Rc4 Rb8 39. Rc7+ Kd8 40. Rh7 Rb7 41. Rh8+ Kc7 42. Kd3 Kd6 43. Rxc8 e5 44. Rd8+ Kc7 45. Rd7+ Kc8 46. Rxb7 Kxb7 47. Ke3 e4 48. b4 axb4 49. cxb4 Kc7 50. a5 bxa5 51. bxa5 1-0

[Event "Rosario Bandera Memorial"]
[Site "Rosario"]
[Date "2017.06.18"]
[Round "4"]
[White "Barchiesi, Emilio"]
[Black "Maggiori, Luciano"]
[Result "0-1"]
[WhiteElo "1176"]
[BlackElo "2084"]
[PlyCount "96"]
[EventDate "2017.06.17"]
[EventType "swiss"]
[EventRounds "7"]
[EventCountry "ARG"]
[SourceTitle "CBM 179 Extra"]
[Source "ChessBase"]
[SourceDate "2017.08.23"]
[SourceVersion "1"]
[SourceVersionDate "2017.08.23"]
[SourceQuality "1"]

1. e4 e5 2. Nf3 Nc6 3. Bc4 Bc5 4. c3 Nf6 5. d4 exd4 6. cxd4 Bb4+ 7. Bd2 Bxd2+ 8. Nbxd2 d5 9. exd5 Nxd5 10. 0-0 0-0 11. Qc2 Nb6 12. Nb3 Nxc4 13. Qxc4 Be6 14. Qd3 Bxb3 15. axb3 Qd5 16. Rfe1 Rfe8 17. h3 a6 18. Qc3 Rad8 19. Rac1 h6 20. Red1 Re6 21. Qc4 Re4 22. Qxd5 Rxd5 23. Rc4 Kf8 24. Kf1 Ke7 25. Re1 Rxe1+ 26. Kxe1 Kd6 27. Ne5 Nxe5 28. dxe5+ Rxe5+ 29. Kd2 Rd5+ 30. Ke3 Rc5 31. Rf4 Ke6 32. Re4+ Re5 33. Rxe5+ Kxe5 34. Kf3 Kd4 35. Kg4 Ke4 36. f3+ Ke5 37. f4+ Ke4 38. g3 c5 39. h4 b5 40. h5 c4 41. bxc4 bxc4 42. Kh4 a5 43. Kg4 a4 44. f5 c3 45. bxc3 a3 46. c4 a2 47. c5 a1Q 48. c6 Qd1+ 0-1

[Event "Rosario Bandera Memorial"]
[Site "Rosario"]
[Date "2017.06.17"]
[Round "1"]
[White "Maggiori, Luciano"]
[Black "Sosa, Marianela Ayelen"]
[Result "1-0"]
[WhiteElo "2084"]
[BlackElo "1423"]
[PlyCount "69"]
[EventDate "2017.06.17"]
[EventType "swiss"]
[EventRounds "7"]
[EventCountry "ARG"]
[SourceTitle "CBM 179 Extra"]
[Source "ChessBase"]
[SourceDate "2017.08.23"]
[SourceVersion "1"]
[SourceVersionDate "2017.08.23"]
[SourceQuality "1"]

1. e4 e5 2. Nf3 Nc6 3. d4 exd4 4. Nxd4 Bc5 5. Nb3 Bb6 6. Nc3 h6 7. Qe2 Nge7 8. Be3 d6 9. 0-0-0 0-0 10. f4 Bg4 11. Qxg4 Bxe3+ 12. Kb1 Ng6 13. g3 Qc8 14. Qf3 Bb6 15. h4 Re8 16. Bh3 Qd8 17. h5 Nf8 18. e5 Ne6 19. exd6 cxd6 20. Nd5 Bc7 21. Rhe1 Rc8 22. Qd3 a6 23. Nxc7 Qxc7 24. Qxd6 Qxd6 25. Rxd6 Rcd8 26. Rxd8 Rxd8 27. Kc1 Nc7 28. Bg2 Rd6 29. Nc5 Nb4 30. a3 Nbd5 31. Nxb7 Rb6 32. Bxd5 Nxd5 33. Nc5 g6 34. hxg6 fxg6 35. Re4 1-0

[Event "ARG-ch Amateur U2300"]
[Site "Torre Blanca"]
[Date "2016.12.09"]
[Round "3.20"]
[White "Jarque, Cristian"]
[Black "Maggiori, Luciano"]
[Result "0-1"]
[WhiteElo "1824"]
[BlackElo "2126"]
[PlyCount "30"]
[EventDate "2016.12.08"]
[EventType "swiss"]
[EventRounds "8"]
[EventCountry "ARG"]
[SourceTitle "EXT 2024"]
[Source "ChessBase"]
[SourceDate "2023.10.10"]
[SourceVersion "1"]
[SourceVersionDate "2023.10.10"]
[SourceQuality "1"]

1. e4 e5 2. Nf3 Nc6 3. d4 exd4 4. Nxd4 Nf6 5. Nxc6 bxc6 6. Bd3 d5 7. e5 Nd7 8. 0-0 Be7 9. e6 Nf6 10. exf7+ Kxf7 11. Re1 Rf8 12. b3 Kg8 13. Bb2 Ng4 14. Qe2 Bc5 15. h3 Rxf2 0-1

[Event "ARG-ch qual Amateur U2300"]
[Site "Pinamar"]
[Date "2016.08.27"]
[Round "2"]
[White "Maggiori, Luciano"]
[Black "Tumini, Leandro"]
[Result "1/2-1/2"]
[WhiteElo "2101"]
[BlackElo "2181"]
[PlyCount "62"]
[EventDate "2016.08.26"]
[EventType "swiss"]
[EventRounds "6"]
[EventCountry "ARG"]
[SourceTitle "EXT 2024"]
[Source "ChessBase"]
[SourceDate "2023.10.10"]
[SourceVersion "1"]
[SourceVersionDate "2023.10.10"]
[SourceQuality "1"]

1. e4 e6 2. Nc3 d5 3. d4 Nf6 4. Bg5 Be7 5. e5 Ng8 6. Bxe7 Nxe7 7. Bd3 b6 8. Qg4 Kf8 9. h4 Ba6 10. h5 Bxd3 11. cxd3 Nf5 12. Nf3 c5 13. dxc5 bxc5 14. Qf4 Nc6 15. Ne2 Rb8 16. b3 Rb4 17. Qd2 Qc7 18. Rc1 Nxe5 19. Nxe5 Qxe5 20. Rxc5 Rb8 21. Qc3 Qxc3+ 22. Nxc3 Nd6 23. Rc7 Rc8 24. Rxc8+ Nxc8 25. Rh4 Ke7 26. Ra4 Rd8 27. Nb5 Rd7 28. Ra6 Kf6 29. Rc6 Ne7 30. Ra6 Nc8 31. Rc6 Ne7 1/2-1/2

[Event "Mar del Plata op 47th"]
[Site "Mar del Plata"]
[Date "2016.03.23"]
[Round "6"]
[White "Guerrero, Alvaro"]
[Black "Maggiori, Luciano"]
[Result "1-0"]
[WhiteElo "2161"]
[BlackElo "2035"]
[PlyCount "51"]
[EventDate "2016.03.19"]
[EventType "swiss"]
[EventRounds "9"]
[EventCountry "ARG"]
[SourceTitle "CBM 171 Extra"]
[Source "ChessBase"]
[SourceDate "2016.04.26"]
[SourceVersion "1"]
[SourceVersionDate "2016.04.26"]
[SourceQuality "1"]

1. d4 d5 2. Nf3 Nf6 3. e3 e6 4. c4 Be7 5. Bd3 0-0 6. 0-0 c5 7. cxd5 exd5 8. dxc5 Nbd7 9. Nc3 Nxc5 10. Bc2 a6 11. Nd4 Nce4 12. Nce2 Bd6 13. f3 Nc5 14. Qe1 Nh5 15. Bd2 g6 16. Rd1 Qc7 17. Kh1 f5 18. b4 Ne6 19. Bb3 Nf6 20. Rc1 Qf7 21. e4 Nxd4 22. Nxd4 Re8 23. Qh4 Bd7 24. Bg5 Nxe4 25. fxe4 Rxe4 26. Qxe4 1-0

[Event "Buenos Aires U2200 1st"]
[Site "Buenos Aires"]
[Date "2015.02.15"]
[Round "5.6"]
[White "Maggiori, Luciano"]
[Black "Amato, Leonel"]
[Result "1/2-1/2"]
[WhiteElo "1881"]
[BlackElo "2027"]
[PlyCount "107"]
[EventDate "2015.02.14"]
[EventType "swiss"]
[EventRounds "7"]
[EventCountry "ARG"]
[SourceTitle "EXT 2024"]
[Source "ChessBase"]
[SourceDate "2023.10.10"]
[SourceVersion "1"]
[SourceVersionDate "2023.10.10"]
[SourceQuality "1"]

1. e4 c5 2. Nc3 d6 3. g3 g6 4. Bg2 Bg7 5. d3 e5 6. Be3 Ne7 7. Nge2 0-0 8. 0-0 Nbc6 9. Qd2 Nd4 10. Nd1 d5 11. Nxd4 cxd4 12. Bg5 f6 13. Bh6 Be6 14. Bxg7 Kxg7 15. f4 dxe4 16. dxe4 Qb6 17. Nf2 Qxb2 18. Rab1 Qxa2 19. fxe5 fxe5 20. Rxb7 Rf7 21. Qg5 Nc6 22. Rxf7+ Bxf7 23. Ng4 Qe6 24. Rf6 Qd7 25. Nxe5 Nxe5 26. Qxe5 Re8 27. Rd6+ Rxe5 28. Rxd7 Rc5 29. Rxd4 Rxc2 30. Rd7 a5 31. e5 Kf8 32. Bh3 Re2 33. e6 Bxe6 34. Bxe6 Rxe6 35. Rxh7 Ra6 36. Rb7 a4 37. Rb2 Ke7 38. Kf2 Ke6 39. Kf3 Kd5 40. Kg4 Kc4 41. Kg5 a3 42. Ra2 Kb3 43. Ra1 Kb2 44. Rf1 a2 45. g4 a1Q 46. Rxa1 Kxa1 47. h4 Kb2 48. h5 gxh5 49. gxh5 Kc3 50. h6 Kd4 51. h7 Ra8 52. Kg6 Ke5 53. Kg7 Ra7+ 54. Kg8 1/2-1/2

[Event "Madariaga Tiberio Cup"]
[Site "Madariaga"]
[Date "2014.06.22"]
[Round "6"]
[White "Lidovsky, Sergio"]
[Black "Maggiori, Luciano"]
[Result "0-1"]
[WhiteElo "1825"]
[BlackElo "1784"]
[PlyCount "92"]
[EventDate "2014.06.20"]
[EventType "swiss"]
[EventRounds "7"]
[EventCountry "ARG"]
[SourceTitle "CBM 161 Extra"]
[Source "ChessBase"]
[SourceDate "2014.08.29"]
[SourceVersion "1"]
[SourceVersionDate "2014.08.29"]
[SourceQuality "1"]

1. c4 e6 2. Nf3 d5 3. g3 Nf6 4. Bg2 Be7 5. 0-0 0-0 6. b3 b6 7. Bb2 Bb7 8. e3 dxc4 9. bxc4 c5 10. Nc3 Nc6 11. Qe2 a6 12. Rfd1 Qc7 13. d3 Rab8 14. Rac1 Na7 15. d4 Rfd8 16. d5 exd5 17. Nxd5 Nxd5 18. Be5 Bd6 19. Bxd6 Rxd6 20. cxd5 Rxd5 21. Rxd5 Bxd5 22. Qxa6 Nc6 23. Nh4 Nb4 24. Qe2 Bxg2 25. Nxg2 Ra8 26. Qb5 Qd8 27. a4 Ra5 28. Qe2 Rxa4 29. Rd1 Qe8 30. Nf4 Ra8 31. Qf3 Rd8 32. Ra1 Qd7 33. e4 h6 34. h4 Nc2 35. Rb1 Nd4 36. Qa3 Qd6 37. Nd5 b5 38. Qd3 b4 39. Kg2 Ra8 40. Qc4 Qe5 41. Re1 Ra5 42. f4 Qh5 43. Re3 Qd1 44. e5 Qd2+ 45. Kh3 Ra1 46. h5 Rh1+ 0-1

[Event "Madariaga Tiberio Cup"]
[Site "Madariaga"]
[Date "2014.06.21"]
[Round "5"]
[White "Galan, Jorge Alonso"]
[Black "Maggiori, Luciano"]
[Result "1/2-1/2"]
[WhiteElo "2073"]
[BlackElo "1784"]
[PlyCount "115"]
[EventDate "2014.06.20"]
[EventType "swiss"]
[EventRounds "7"]
[EventCountry "ARG"]
[SourceTitle "CBM 161 Extra"]
[Source "ChessBase"]
[SourceDate "2014.08.29"]
[SourceVersion "1"]
[SourceVersionDate "2014.08.29"]
[SourceQuality "1"]

1. c4 e6 2. Nc3 d5 3. e3 Nf6 4. d4 Be7 5. Nf3 0-0 6. Qc2 b6 7. cxd5 Nxd5 8. Nxd5 exd5 9. Bd3 h6 10. 0-0 Bb7 11. Ne5 c5 12. f4 Nc6 13. Bd2 Rc8 14. Bf5 Rc7 15. Rac1 Bd6 16. Qa4 Qe8 17. Kh1 Ne7 18. Bd7 Qd8 19. Bb5 Bc8 20. Bd3 c4 21. Bb1 f6 22. Ng6 Nxg6 23. Bxg6 f5 24. Rf3 Bd7 25. Qd1 Rf6 26. Rg3 Be8 27. Qh5 Bxg6 28. Rxg6 Rxg6 29. Qxg6 Qd7 30. h3 Bf8 31. g4 fxg4 32. hxg4 Rc6 33. Qh5 Qf7 34. Qxf7+ Kxf7 35. Kg2 g6 36. Kf3 Re6 37. a3 b5 38. Ba5 Bd6 39. Rh1 Kg7 40. f5 Re8 41. fxg6 Kxg6 42. Rh5 Rf8+ 43. Ke2 Bg3 44. Be1 Bxe1 45. Kxe1 Rd8 46. Rf5 a5 47. Kd2 b4 48. axb4 axb4 49. Re5 Rd6 50. e4 dxe4 51. Ke3 Rd7 52. d5 Rd8 53. Re6+ Kg5 54. Rc6 c3 55. bxc3 bxc3 56. Kxe4 Kxg4 57. Rxc3 Re8+ 58. Kd4 1/2-1/2

[Event "ARG-ch U2000"]
[Site "Crespo"]
[Date "2014.05.05"]
[Round "6"]
[White "Gimenez Aguirre, Ismael Alejo"]
[Black "Maggiori, Luciano"]
[Result "1-0"]
[WhiteElo "1937"]
[BlackElo "1823"]
[PlyCount "67"]
[EventDate "2014.05.02"]
[EventType "tourn"]
[EventRounds "9"]
[EventCountry "ARG"]
[SourceTitle "EXT 2016"]
[Source "ChessBase"]
[SourceDate "2015.10.08"]
[SourceVersion "1"]
[SourceVersionDate "2015.10.08"]
[SourceQuality "1"]

1. e4 e6 2. d4 d5 3. Nd2 dxe4 4. Nxe4 Nd7 5. Bd3 Ngf6 6. Qe2 Nxe4 7. Bxe4 Nf6 8. Bxb7 Bxb7 9. Qb5+ Qd7 10. Qxb7 Rd8 11. Nf3 c6 12. Qxd7+ Rxd7 13. Be3 Nd5 14. 0-0-0 Nxe3 15. fxe3 f6 16. e4 Bd6 17. c4 Bf4+ 18. Kc2 Ke7 19. g3 Bc7 20. b4 a6 21. Rhe1 Rhd8 22. d5 cxd5 23. exd5 e5 24. Nd4 Kf7 25. Ne6 Rb8 26. a3 Rc8 27. Nc5 Rd6 28. Ne4 Rd7 29. Kb3 h6 30. d6 f5 31. dxc7 Rxd1 32. Rxd1 fxe4 33. Rd7+ Kf6 34. b5 1-0